<?xml version="1.0" encoding="UTF-8"?>
<record
    xmlns:xsi="http://www.w3.org/2001/XMLSchema-instance"
    xsi:schemaLocation="http://www.loc.gov/MARC21/slim http://www.loc.gov/standards/marcxml/schema/MARC21slim.xsd"
    xmlns="http://www.loc.gov/MARC21/slim">

  <leader>01746nam a22002057a 4500</leader>
  <controlfield tag="008">160215b        xxu||||| |||| 00| 0 eng d</controlfield>
  <datafield tag="020" ind1=" " ind2=" ">
    <subfield code="a">0536441596</subfield>
  </datafield>
  <datafield tag="050" ind1=" " ind2=" ">
    <subfield code="a">RA776.D663</subfield>
  </datafield>
  <datafield tag="100" ind1=" " ind2=" ">
    <subfield code="a">Dontalle, Rebecca J.</subfield>
  </datafield>
  <datafield tag="245" ind1=" " ind2=" ">
    <subfield code="a">Health: the basics. /</subfield>
    <subfield code="c">Rebecca J. Dontalle, Anne Johnson Munroe, Alex Munroe and Angela M Thompson.</subfield>
  </datafield>
  <datafield tag="250" ind1=" " ind2=" ">
    <subfield code="a">4th ed.</subfield>
  </datafield>
  <datafield tag="260" ind1=" " ind2=" ">
    <subfield code="a">Ontario:</subfield>
    <subfield code="b">Pearson Custom Publishing,</subfield>
    <subfield code="c">c2008.</subfield>
  </datafield>
  <datafield tag="300" ind1=" " ind2=" ">
    <subfield code="a">xvii, 469p.:</subfield>
    <subfield code="b">ills.;</subfield>
    <subfield code="c">27cm.</subfield>
  </datafield>
  <datafield tag="500" ind1=" " ind2=" ">
    <subfield code="a">Includes index.</subfield>
  </datafield>
  <datafield tag="505" ind1=" " ind2=" ">
    <subfield code="a">Contents: Finding the right balance: Promoting healthy behaviour change -- Psychosocial health: achieving mental, emotional, social and spiritual wellness -- Managing stress: toward prevention and control -- Personal safety: reducing violence, abuse and injury -- Creating healthy and caring relationships: Healthy relationships and sexuality: making commitments -- Birth control, pregnancy and childbirth: managing your fertility -- Building healthy lifestyles: Nutrition: eating for optimum health -- Managing your weight: finding a healthy balance -- Personal fitness: Improving your health through exercise -- Avoiding or reducing harmful habits: Licit and illicit drug use: understanding addictions -- Alcohol, tobacco, and caffeine; unacknowledged drugs with risk for addictions -- Preventing and fighting disease: Cardiovascular disease and cancer: reducing your risks -- Infectious and noninfectious conditions: risks and responsibilities -- Facing life's challenges: Life's transitions: the aging process -- Environmental health: thinking globally, acting locally -- Consumerism: using healthcare products and services.</subfield>
  </datafield>
  <datafield tag="700" ind1=" " ind2=" ">
    <subfield code="a">Munroe, Anne Johnson</subfield>
  </datafield>
  <datafield tag="700" ind1=" " ind2=" ">
    <subfield code="a">Munroe, Alex</subfield>
  </datafield>
  <datafield tag="700" ind1=" " ind2=" ">
    <subfield code="a">Thompson, Angela M.</subfield>
  </datafield>
  <datafield tag="942" ind1=" " ind2=" ">
    <subfield code="2">lcc</subfield>
    <subfield code="c">BK</subfield>
  </datafield>
  <datafield tag="999" ind1=" " ind2=" ">
    <subfield code="c">5877</subfield>
    <subfield code="d">13377</subfield>
  </datafield>
  <datafield tag="952" ind1=" " ind2=" ">
    <subfield code="0">0</subfield>
    <subfield code="1">0</subfield>
    <subfield code="2">lcc</subfield>
    <subfield code="4">0</subfield>
    <subfield code="7">0</subfield>
    <subfield code="a">WIUC-1</subfield>
    <subfield code="b">WIUC-1</subfield>
    <subfield code="c">NURS L.</subfield>
    <subfield code="d">2016-02-15</subfield>
    <subfield code="l">0</subfield>
    <subfield code="o">RA776.D663</subfield>
    <subfield code="p">NURS/017/16</subfield>
    <subfield code="r">2016-02-15 00:00:00</subfield>
    <subfield code="t">1</subfield>
    <subfield code="w">2016-02-15</subfield>
    <subfield code="y">BK</subfield>
  </datafield>
  <datafield tag="952" ind1=" " ind2=" ">
    <subfield code="0">0</subfield>
    <subfield code="1">0</subfield>
    <subfield code="2">lcc</subfield>
    <subfield code="4">0</subfield>
    <subfield code="7">0</subfield>
    <subfield code="a">WIUC-1</subfield>
    <subfield code="b">WIUC-1</subfield>
    <subfield code="c">NURS L.</subfield>
    <subfield code="d">2016-02-15</subfield>
    <subfield code="l">0</subfield>
    <subfield code="o">RA776.D6631</subfield>
    <subfield code="p">NURS/018/16</subfield>
    <subfield code="r">2016-02-15 00:00:00</subfield>
    <subfield code="t">2</subfield>
    <subfield code="w">2016-02-15</subfield>
    <subfield code="y">BK</subfield>
  </datafield>
  <datafield tag="952" ind1=" " ind2=" ">
    <subfield code="0">0</subfield>
    <subfield code="1">0</subfield>
    <subfield code="2">lcc</subfield>
    <subfield code="4">0</subfield>
    <subfield code="7">0</subfield>
    <subfield code="a">WIUC-1</subfield>
    <subfield code="b">WIUC-1</subfield>
    <subfield code="c">NURS L.</subfield>
    <subfield code="d">2016-02-15</subfield>
    <subfield code="l">0</subfield>
    <subfield code="o">RA776.D6632</subfield>
    <subfield code="p">NURS/019/16</subfield>
    <subfield code="r">2016-02-15 00:00:00</subfield>
    <subfield code="t">3</subfield>
    <subfield code="w">2016-02-15</subfield>
    <subfield code="y">BK</subfield>
  </datafield>
  <datafield tag="952" ind1=" " ind2=" ">
    <subfield code="0">0</subfield>
    <subfield code="1">0</subfield>
    <subfield code="2">lcc</subfield>
    <subfield code="4">0</subfield>
    <subfield code="7">0</subfield>
    <subfield code="a">WIUC-1</subfield>
    <subfield code="b">WIUC-1</subfield>
    <subfield code="c">NURS L.</subfield>
    <subfield code="d">2016-02-15</subfield>
    <subfield code="l">0</subfield>
    <subfield code="o">RA776.D6633</subfield>
    <subfield code="p">NURS/020/16</subfield>
    <subfield code="r">2016-02-15 00:00:00</subfield>
    <subfield code="t">4</subfield>
    <subfield code="w">2016-02-15</subfield>
    <subfield code="y">BK</subfield>
  </datafield>
  <datafield tag="952" ind1=" " ind2=" ">
    <subfield code="0">0</subfield>
    <subfield code="1">0</subfield>
    <subfield code="2">lcc</subfield>
    <subfield code="4">0</subfield>
    <subfield code="7">0</subfield>
    <subfield code="a">WIUC-1</subfield>
    <subfield code="b">WIUC-1</subfield>
    <subfield code="c">NURS L.</subfield>
    <subfield code="d">2016-02-15</subfield>
    <subfield code="l">0</subfield>
    <subfield code="o">RA776.D6634</subfield>
    <subfield code="p">NURS/021/16</subfield>
    <subfield code="r">2016-02-15 00:00:00</subfield>
    <subfield code="t">5</subfield>
    <subfield code="w">2016-02-15</subfield>
    <subfield code="y">BK</subfield>
  </datafield>
  <datafield tag="952" ind1=" " ind2=" ">
    <subfield code="0">0</subfield>
    <subfield code="1">0</subfield>
    <subfield code="2">lcc</subfield>
    <subfield code="4">0</subfield>
    <subfield code="7">0</subfield>
    <subfield code="a">WIUC-1</subfield>
    <subfield code="b">WIUC-1</subfield>
    <subfield code="c">NURS L.</subfield>
    <subfield code="d">2016-02-15</subfield>
    <subfield code="l">0</subfield>
    <subfield code="o">RA776.D6635</subfield>
    <subfield code="p">NURS/022/16</subfield>
    <subfield code="r">2016-02-15 00:00:00</subfield>
    <subfield code="t">6</subfield>
    <subfield code="w">2016-02-15</subfield>
    <subfield code="y">BK</subfield>
  </datafield>
  <datafield tag="952" ind1=" " ind2=" ">
    <subfield code="0">0</subfield>
    <subfield code="1">0</subfield>
    <subfield code="2">lcc</subfield>
    <subfield code="4">0</subfield>
    <subfield code="7">0</subfield>
    <subfield code="a">WIUC-1</subfield>
    <subfield code="b">WIUC-1</subfield>
    <subfield code="c">NURS L.</subfield>
    <subfield code="d">2016-02-15</subfield>
    <subfield code="l">0</subfield>
    <subfield code="o">RA776.D6636</subfield>
    <subfield code="p">NURS/023/16</subfield>
    <subfield code="r">2016-02-15 00:00:00</subfield>
    <subfield code="t">7</subfield>
    <subfield code="w">2016-02-15</subfield>
    <subfield code="y">BK</subfield>
  </datafield>
</record>
